Marketing planning and strategy series ; reprints from Harvard business review.

Bibliographic Details
Format: Book
Language:English
Published: [Boston] : [Reprint Service, Harvard Business Review], [197?]
Series:Harvard business review. Reprints of selected articles ; no. 4011-4016.
Subjects:

MARC

Tag First Indicator Second Indicator Subfields
LEADER 00000cam a2200000 4500
001 in00000511487
005 20151013062213.0
008 750318q19701976maua 00010 eng d
035 |a (OCoLC)01221314 
035 |9 ACD2199AM 
040 |c BRB  |d TXA  |d UtOrBLW 
049 |a TXAM  |d [  |v = pt.]  |v 1 [1511637]  |v 2 [1511638]  |v 3 [1511639]  |v 4 [1511640]  |v 5 [1511641]  |v 6 [1511642] 
090 |a HF5500  |b .M365 
245 0 0 |a Marketing planning and strategy series ;  |b reprints from Harvard business review. 
264 1 |a [Boston] :  |b [Reprint Service, Harvard Business Review],  |c [197?] 
300 |a 6 part :  |b illustrations ;  |c 29 cm. 
336 |a text  |b txt  |2 rdacontent 
337 |a unmediated  |b n  |2 rdamedia 
338 |a volume  |b nc  |2 rdacarrier 
490 1 |a Harvard business review. Reprints of selected articles;  |v no. 4011-4016 
500 |a Articles published in the Harvard business review, 1955-1974. 
650 0 |a Marketing. 
830 0 |a Harvard business review. Reprints of selected articles ;  |v no. 4011-4016. 
999 |a MARS 
999 f f |s 78de8811-06d8-35b2-a958-179ac118f4a4  |i 53979e7d-ff39-39aa-acc0-bef93d49bb9e  |t 0 
952 f f |p ric  |a Texas A&M University  |b Rellis Campus  |c Joint Library Facility  |d Remote Storage  |t 0  |e HF5500 .M365  |h Library of Congress classification  |i unmediated -- volume  |k pt.3  |m A14802804960 
952 f f |p ric  |a Texas A&M University  |b Rellis Campus  |c Joint Library Facility  |d Remote Storage  |t 0  |e HF5500 .M365  |h Library of Congress classification  |i unmediated -- volume  |k pt.4  |m A14802804978 
952 f f |p ric  |a Texas A&M University  |b Rellis Campus  |c Joint Library Facility  |d Remote Storage  |t 0  |e HF5500 .M365  |h Library of Congress classification  |i unmediated -- volume  |k pt.1  |m A14802804944 
952 f f |p ric  |a Texas A&M University  |b Rellis Campus  |c Joint Library Facility  |d Remote Storage  |t 0  |e HF5500 .M365  |h Library of Congress classification  |i unmediated -- volume  |k pt.2  |m A14802804952 
952 f f |p ric  |a Texas A&M University  |b Rellis Campus  |c Joint Library Facility  |d Remote Storage  |t 0  |e HF5500 .M365  |h Library of Congress classification  |i unmediated -- volume  |k pt.5  |m A14802804986 
952 f f |p ric  |a Texas A&M University  |b Rellis Campus  |c Joint Library Facility  |d Remote Storage  |t 0  |e HF5500 .M365  |h Library of Congress classification  |i unmediated -- volume  |k pt.6  |m A14802804994 
998 f f |a HF5500 .M365  |s pt.1-6  |t 0  |l Remote Storage